000 00512nam a2200181Ia 4500
999 _c16575
_d16575
003 OSt
005 20200606115940.0
008 190216s9999||||xx |||||||||||||| ||und||
020 _a9788189962692
040 _cMESKC library
082 _a891.433
_bGUH/K
100 _aGuha, Bhuddhdev
_9435
245 0 _aKoyal Ke Nikat /
_c Bhuddhdev Guha
260 _bPragyan Prakashan,
_c2008.
_aGhaziabad:
300 _a224p
650 _aHindi
942 _cBK
_2ddc
_h891.433
_iGUH/K
_k891.433
_mGUH/K